| 000 | 00854nam a2200241 i 4500 | ||
|---|---|---|---|
| 001 | 33072 | ||
| 003 | ES-MaACL | ||
| 005 | 20250920063036.0 | ||
| 007 | t| | ||
| 008 | 030201s1911 fr ||||1| fre d | ||
| 100 | 1 |
_aBérard, Victor, _d1864-1931 _927825 |
|
| 245 | 1 | 3 |
_aLa Turquie et l'hellenisme contemporain _b: la Macédoine : Hellènes, Bulgares, Valaques, Albanais, Autrichiens, Serbes / _cpar Victor Berard. |
| 250 | _a6ème ed. | ||
| 260 |
_aParis : _bF. Alcan, _c1911. |
||
| 300 |
_aXVII, 352 p. ; _c18 cm. |
||
| 490 | 1 | _aBibliothèque d'histoire contemporaine | |
| 650 | 4 |
_aCuestión de Oriente (Balcanes) _9141179 |
|
| 650 | 0 | 4 |
_aGuerra mundial, 1914-1918. _913212 |
| 651 | 4 |
_aTurquía- _xHistoria. _9137381 |
|
| 830 | 0 |
_aBibliothèque d'histoire contemporaine _9180875 |
|
| 852 |
_aES-MaACL _jG-7393 |
||
| 999 |
_c33072 _d33072 |
||